000 00717nam a2200217Ii 4500
003 JO-AjNU
008 230605s9999||||xx |||||||||||||| ||und||
017 _a2013/4/1092
040 _aJO-AjNU
_bara
_erda
_cJO-AjNU
041 _aara
050 1 4 _aPJ7952.A54.T32 2013
100 3 _aالنجار، تيسير,
_eauthor
_947769
245 0 0 _aالأستاذة الدكتورة ثريا عبد الفتاح ملحس: تأمل أمام ينابيع تتفجر
250 _aط2
264 3 1 _aعمان: المؤلف، 2013
300 _a175ص
336 _atext
_btxt
_2rdacontent
337 _aunmediated
_bn
_2rdamedia
338 _avolume
_bnc
_2rdacarrier
650 4 _aالأدب العربي - تراجم
_947770
999 _aA20876
_c24444
_d24444